Statistics for Disney Songs

Click here to take the quiz!

General Stats

  • This quiz has been taken 600 times
  • The average score is 16 of 21

Answer Stats

HintAnswer% Correct
Kiss the GirlThe Little Mermaid
95%
Circle of LifeThe Lion King
93%
Do you Want to Build a Snowman?Frozen
91%
A Whole New WorldAladdin
89%
I'll Make a Man out of YouMulan
88%
Colors of the WindPocahontas
86%
ReflectionMulan
84%
Someday my Prince will ComeSnow White and the Seven Dwarves
82%
When You Wish Upon a StarPinocchio
79%
Once Upon a DreamSleeping Beauty
79%
Poor Unfortunate SoulsThe Little Mermaid
79%
I See the LightTangled
77%
You'll be in my HeartTarzan
74%
SavagesPocahontas
73%
I've Got a DreamTangled
71%
One Jump AheadAladdin
70%
Be PreparedThe Lion King
70%
Something ThereBeauty and the Beast
66%
God Help the OutcastsThe Hunchback of Notre Dame
65%
Thomas O'MallyThe Aristocats
64%
HellfireThe Hunchback of Notre Dame
51%

Score Distribution

Percentile by Number Answered

Percent of People with Each Score

Your Score History

You have not taken this quiz